Dhammapadam (cesta k pravde)

Gespeichert in:
Bibliographische Detailangaben
Format: Buch
Sprache:Tschechisch
Veröffentlicht: Praha : Odeon, 1992
Ausgabe:1.vyd.
Tags: Tag hinzufügen
Keine Tags, Fügen Sie das erste Tag hinzu!

MARC

LEADER 00000nam a22000003a 4500
001 stu2053
005 20150408175022.4
008 920622s1992----cs------------------cze-d
020 |a 80-207-0362-4 
040 |a STU  |b slo 
041 0 |a cze 
044 |a cs 
080 |a 294.3  |7 stu_us_auth*stu7824 
245 |a Dhammapadam (cesta k pravde) 
250 |a 1.vyd. 
260 |a Praha :  |b Odeon,  |c 1992 
300 |a 109 s 
996 |b E76584  |c R*76584  |l RRUM  |s A  |a 24  |w stu2053_0001